Ngô Tất Tố toàn tập (1893-1954); T1

Đã lưu trong:
书目详细资料
主要作者: Ngô Tất Tố
格式: 图书
语言:Undetermined
出版: Hà Nội Văn Học 1996
主题:
标签: 添加标签
没有标签, 成为第一个标记此记录!
Thư viện lưu trữ: Trung tâm Học liệu Trường Đại học Cần Thơ
LEADER 00561nam a2200181Ia 4500
001 CTU_15642
008 210402s9999 xx 000 0 und d
082 |a 895.922331 
082 |b T450/T1 
100 |a Ngô Tất Tố 
245 0 |a Ngô Tất Tố toàn tập (1893-1954); T1 
245 0 |c Ngô Tất Tố 
260 |a Hà Nội 
260 |b Văn Học 
260 |c 1996 
650 |a vietnamese literature - 20th century - history and criticism 
904 |i Minh, 970417 
980 |a Trung tâm Học liệu Trường Đại học Cần Thơ